000 00522nam a22001937a 4500
999 _c442645
_d442645
003 UA-OsUOA
005 20191031095807.0
008 191031b un ||||| |||| 00| 0 ukr d
040 _aUA-OsUOA
_bukr
_cUA-OsUOA
_dUA-OsUOA
041 _aukr
080 _a821.161.1
090 _a821.161.1
_bФ88
100 _aФридланд Л
245 _aНачало мира
_cЛ. Фридланд
260 _aМосква
_bСоветский писатель
_c1966
300 _a307 с.
942 _2udc
_cBK
955 _a3